| 000 | 00528cam a2200181 a 4500 | ||
|---|---|---|---|
| 020 | _a9781605470283 (alk. paper) | ||
| 020 | _a1605470287 (alk. paper) | ||
| 040 | _cDLC | ||
| 082 | 0 | 0 | _a618 WOL 2013 C152 Or. |
| 100 | 1 | _aKyle, Terri | |
| 245 | 1 | 0 | _aEssentials of pediatric nursing / |
| 250 | _a2nd ed | ||
| 260 |
_aPhiladelphia : _bWolters Kluwer/Lippincott Williams & Wilkins Health, _cc2013 |
||
| 300 |
_a1 v. : _bill. (chiefly col.) ; _c29 cm |
||
| 650 | 1 | 2 | _aPediatric Nursing |
| 700 | 1 | _aCarman, Susan | |
| 942 | _cAEDBB | ||
| 999 |
_c18771 _d18771 |
||